Rishi-S of the four Veda-s & Upanishad-s / (Record no. 192586)

MARC details
000 -LEADER
fixed length control field 00538nam a22001817a 4500
005 - DATE AND TIME OF LATEST TRANSACTION
control field 20220927145203.0
010 ## - LCCN (DPL NO)
LC control number ENG-135207
020 ## - INTERNATIONAL STANDARD BOOK NUMBER
International Standard Book Number 9788179941485
Terms of availability 200.00
035 ## - SYSTEM CONTROL NUMBER
System control number EN-118739
037 ## - SOURCE OF ACQUISITION
Source of stock number/acquisition DBAD/PUB
082 ## - DEWEY DECIMAL CLASSIFICATION NUMBER
Classification number 220.2
100 ## - MAIN ENTRY--PERSONAL NAME
Personal name Kashyap,R.L.
245 ## - TITLE STATEMENT
Title Rishi-S of the four Veda-s & Upanishad-s /
Statement of responsibility, etc by R.L.Kashyap
260 ## - PUBLICATION, DISTRIBUTION, ETC. (IMPRINT)
Name of publisher, distributor, etc Sakshi
Date of publication, distribution, etc 2015
Place of publication, distribution, etc Bangalore
270 ## - ADDRESS
Address # 63,13th Main,4th Block East,Jayanagar,
City Bangalore
Postal code 560011
300 ## - PHYSICAL DESCRIPTION
Extent xii,200p.
Dimensions 22cm(pbk)
942 ## - ADDED ENTRY ELEMENTS (KOHA)
Source of classification or shelving scheme Dewey Decimal Classification
Item type English Books
Classification part 220.2
Call number suffix KAS
Holdings
Withdrawn status Lost status Not for loan Collection code Home library Current library Date acquired Source of acquisition Cost, normal purchase price Full call number Barcode Copy number Cost, replacement price Koha item type
      Non-fiction Bawana Bawana 27/09/2022 DBAD/PUB 200.00 220.2 KAS EN-118739 1 200.00 English Books

© Delhi Public Library
Hit Counter
free hit counter